000 00470nam a2200157 a 4500
001 000044594
005 20201002045503.0
008 140721s1971 xxua r 000 0 spa d
040 _aDO-SdBNP
_bspa
_cBNPHU
082 _axxxx
_bA237a
100 1 _aAdler, Ruth,
_d1910-
_972625
245 1 0 _aA day in the life of the New York times /
_cRuth Adler.
260 _aPhiladelphia :
_bLippincott,
_c1971.
300 _ax, 242 p. :
_bil. ;
_c22 cm.
590 _aInventariado, 2019/BT
999 _c44083
_d44083